| 000 | 00412nam a22001697a 4500 | ||
|---|---|---|---|
| 003 | SGT | ||
| 020 | _a9781604066425 | ||
| 082 |
_a616.85506 _bO13G |
||
| 100 | _aGOLPER, LEE ANN C. | ||
| 245 | _aOURCOMES IN SPEECH-LANGUAGE PATHOLOGY | ||
| 250 | _a2ND | ||
| 260 |
_aNEW YORK _bTHIEME PUB _c2013 |
||
| 300 | _a375 | ||
| 650 | _aAUDIOLOGY | ||
| 653 | _aOURCOMES IN SPEECH-LANGUAGE PATHOLOGY | ||
| 942 |
_2ddc _cBK |
||
| 999 |
_c23287 _d23287 |
||